Statistics for General Knowledge Sports #1

Click here to take the quiz!

General Stats

  • This quiz has been taken 1,375 times
  • The average score is 10 of 20

Answer Stats

HintAnswer% Correct
How many periods is there in hockey3
92%
How many superbowls has tom brady won before superbowl 514
88%
Who imfamously scored 100 points in 1 gameWilt Chamberlain
75%
What international team does Lionel Messi play forArgentina
73%
What player holds the record for the most campionships in NBA historyBill Russell
73%
How many points were the falcons up by in Super Bowl 5125
71%
What international team did Pele play forBrazil
70%
How many years did the cubs not win a world series108
47%
What is the biggest hit streak in MLB history56
45%
What college did Robert Griffin III Go toBaylor
42%
What is Gary Payton's nicknameGlove
41%
Who has won the most NCAA division 1 mens basketball championshipsUCLA
40%
Besides L.A, what is the other place the lakers played at homeMinneapolis
37%
How many triple doubles did Russell Westbrook get in the 2015-2016 season17
36%
Where was Kristaps Porzingis bornLatvia
35%
Who had 41 technical fouls in 1 seasonRasheed Wallace
27%
What NHL team does Jamie Benn play forDallas Stars
25%
Besides the Red Sox, What team did David Ortiz play forMinnesota twins
21%
Who is the starting shortstop for the Indians as of 2017Francisco Lindor
17%
What is the Reds Stadium namedGreat American Ballpark
16%

Score Distribution

Percentile by Number Answered

Percent of People with Each Score

Your Score History

You have not taken this quiz